| 000 | 00872cab a2200217 4500 | ||
|---|---|---|---|
| 001 | L136545 | ||
| 008 | 070207n2007 000 0 eng u | ||
| 035 | _a(Sirsi) u136545 | ||
| 041 | 0 | _aeng | |
| 100 | 1 | _aDoherty, Pat | |
| 245 | 0 | 0 | _aBye bye bailiff |
| 260 | _c2007 | ||
| 490 | 0 |
_aInsight _vFebruary 2007, 32-33(2) |
|
| 520 | _aDiscusses the provisions in the Tribunals, Courts and Enforcement Bill made to regulate the enforcement process, and the certification that enforcement agents will require. Discusses how the Bill unifies the law governing the activities of when taking control of and selling goods. | ||
| 590 | _aKA | ||
| 650 | 2 | 4 | _aTRIBUNALS COURTS AND ENFORCEMENT BILL (HL) 2006 |
| 650 | 2 | 4 | _aDISTRESS FOR RENT RULES 1998 |
| 651 | 4 |
_aEngland and Wales _y1543- |
|
| 690 | _aPROPERTY-COMMERCIAL PROPERTY-COMMERCIAL LANDLORD AND TENANT | ||
| 942 | _n0 | ||
| 999 |
_c78340 _d78340 |
||